000 00401nam a2200169Ia 4500
001 25849
003 IN-NITTTR
005 20251114233326.0
008 251113s9999||||xx |||||||||||||| ||eng||
040 _beng
040 _cIN-NITTTR
041 _aeng
082 _a004.678 C782C
100 _aComer, Douglas E.
245 0 _aComputer networks and internets /
_cComer, Douglas E.
942 _2ddc
_cBK
999 _c28478
_d28478